000 00653nam a22002297a 4500
001 65559
003 UA-OsUOA
005 20220110221218.0
007 ta
008 20091127b un ||||| |||| 00| 0 ukr d
020 _a966-651-218-1
040 _aUA-OsUOA
_bukr
_cUA-OsUOA
_dUA-OsUOA
041 _aukr
080 _a82.09(091)(477)
090 _a82.09(091)(477)
_bА38
245 _aАкадемічна "Історія української літератури" в 10 томах
260 _aК.
_bФенікс
_c2005
300 _a320 с.
650 7 _a08 Видання. Колективні праці
_2UDC
942 _cBK
_2udc
955 _a2
999 _c351568
_d351568